| 000 | 00478nam a2200145Ia 4500 | ||
|---|---|---|---|
| 008 | 231129s2011||||xx |||||||||||||| ||spa|| | ||
| 020 | _a978-958-707-203-7 | ||
| 040 | _bspa | ||
| 082 | _a344.86101 V252d | ||
| 100 | _aVanegas Castellanos Alfonso | ||
| 245 | 0 | _aDerecho individual del trabajo : conceptos básicos legislación jurisprudencia doctrina | |
| 260 | _c2011 | ||
| 264 | _aLibrería Ediciones del Profesional | ||
| 942 |
_2ddc _cBKS |
||
| 999 |
_c8981 _d8981 |
||